| 000 | 00465nam a22001697a 4500 | ||
|---|---|---|---|
| 005 | 20260212191533.0 | ||
| 008 | 260212b |||||||| |||| 00| 0 eng d | ||
| 020 |
_a9780140449242 _qpbk |
||
| 041 | _aeng | ||
| 082 | _a891.733 DOS | ||
| 100 | _aDostoevsky, Fyodor | ||
| 245 |
_aThe brothers karamazov _c/ Fyodor Dostoevsky |
||
| 260 |
_aPenguin Classics _c2003. |
||
| 300 | _a1056 pages | ||
| 650 | _aEast Indo-European & Celtic literatures | ||
| 942 | _cENGLISH | ||
| 999 |
_c612096 _d612096 |
||